| 000 | 00647nam a2200229 a 4500 | ||
|---|---|---|---|
| 001 | 4464 | ||
| 003 | BD-RjUL | ||
| 005 | 20211208233909.0 | ||
| 008 | 131222s1981 ii 000 0 eng d | ||
| 035 | _a(BD-RjUL)4499 | ||
| 040 |
_aDLC _cDLC _dDLC _d(BD-RjUL) _beng |
||
| 041 | _aeng | ||
| 082 | 0 | 0 |
_a954.0359 _220 _bBAR |
| 100 | 1 |
_aBanerjee, Subrata, _d1919- _914112 |
|
| 245 | 1 | 4 |
_aThe R.I.N. strike / _cSubrata Banerjee. |
| 260 |
_aNew Delhi : _bPeople's Pub. House, _c1981. |
||
| 300 |
_axix, 167 p. ; _c22 cm. |
||
| 650 | 0 |
_aRoyal Indian Navy Mutiny, 1946. _914113 |
|
| 942 |
_2ddc _cBK |
||
| 999 |
_c4464 _d4464 |
||